000 00447nam a2200121Ia 4500
008 220615s9999||||xx |||||||||||||| ||und||
100 _aBasel I. Ismail
245 0 _aRenewable Hydropower Technologies
546 _aEnglish[eng]
650 _aEngineering||Physical Sciences||Engineering and Technology||Hydropower Engineering||Environmental Engineering
856 _uhttps://www.intechopen.com/books/renewable-hydropower-technologies
942 _cEB
999 _c10715
_d10715